000 00440nam a2200157Ia 4500
008 230917s9999||||xx |||||||||||||| ||und||
040 _e201363
_aMAIN
041 _aEnglish
082 _a345.06 A92P(13)
100 _aAvtar Singh
245 0 _aPrinciples of the law of evidence: A study of the Indian Evidence Act, 1872
250 _a13th ed.
260 _aAllahabad
_bCentral Law Agency
_c2002
300 _axxi p. ; 492
942 _cBK
999 _c134313
_d134313